00553nam a22001457a 4500008004100000020001500041050001500056245004400071250001200115260003400127300002700161505017200188650002700360700002000387120417t xxu||||| |||| 00| 0 eng d a0072364068 aHD69.17M29 aInternational business /cFred Maidment a9th ed. aU.S.A.:bMcGraw- Hill,c2000. ax, 229 p.:bill;c29cm aContents: Introduction to international business -- International trade and foreign investment -- Economic theories on international trade, development and investment. aInternational Business aMaidment, Fred